Los orígenes del conocimiento y la imaginación
Guardat en:
| Autor principal: | |
|---|---|
| Format: | Llibre |
| Idioma: | espanyol |
| Publicat: |
Barcelona
Gedisa
1993
|
| Edició: | 2a. ed |
| Col·lecció: | Filosofía
|
| Matèries: | |
| Etiquetes: |
Afegir etiqueta
Sense etiquetes, Sigues el primer a etiquetar aquest registre!
|
MARC
| LEADER | 00000nam a2200000 a 4500 | ||
|---|---|---|---|
| 001 | UCZ2917 | ||
| 003 | CL-VaPUC | ||
| 008 | 951013e19930000SP |||||||||||||||||spa|d | ||
| 082 | 0 | 4 | |a 153 |b BRO |2 21 |
| 100 | 0 | |a Bronowski, Jacob |e author |9 346714 | |
| 245 | 1 | 4 | |a Los orígenes del conocimiento y la imaginación |
| 250 | |a 2a. ed | ||
| 300 | |a 152 p | ||
| 942 | |c BK | ||
| 945 | |d 19951013 00:00:00 |a awong | ||
| 260 | |a Barcelona |b Gedisa |c 1993 | ||
| 650 | 0 | |a Inteligencia |9 267038 | |
| 650 | 0 | |a Ciencia |9 255691 | |
| 650 | 0 | |a Psicología |9 257863 | |
| 650 | 7 | |a CONOCIMIENTO |2 CL-VaPUC |9 308991 | |
| 583 | |a last modification |c 19951013 00:00:00 |k Rodrigo Vera | ||
| 490 | 0 | |a Filosofía | |
| 999 | |c 239454 |d 239452 | ||
| 952 | |0 0 |1 0 |4 0 |6 153_000000000000000_BRO_1993 |7 0 |8 A |9 250594 |a BIBART |b BIBART |d 2019-11-18 |i 313847K |o 153 BRO 1993 |p 313847K |r 2025-03-13 |w 2019-11-18 |y BK |k ART | ||